<?xml version="1.0" encoding="UTF-8"?>
<record
    xmlns:xsi="http://www.w3.org/2001/XMLSchema-instance"
    xsi:schemaLocation="http://www.loc.gov/MARC21/slim http://www.loc.gov/standards/marcxml/schema/MARC21slim.xsd"
    xmlns="http://www.loc.gov/MARC21/slim">

  <leader>01906cam a2200217 a 4500</leader>
  <datafield tag="020" ind1=" " ind2=" ">
    <subfield code="a">0819184594 (cloth : alk. paper)</subfield>
  </datafield>
  <datafield tag="020" ind1=" " ind2=" ">
    <subfield code="a">9780819184597 (cloth : alk. paper)</subfield>
  </datafield>
  <datafield tag="040" ind1=" " ind2=" ">
    <subfield code="c">DLC</subfield>
  </datafield>
  <datafield tag="082" ind1="0" ind2="0">
    <subfield code="a">305  DIS 1992 C158 Or.</subfield>
  </datafield>
  <datafield tag="100" ind1="1" ind2=" ">
    <subfield code="a">Quirk, William J.,</subfield>
  </datafield>
  <datafield tag="245" ind1="1" ind2="0">
    <subfield code="a">Abandoned :</subfield>
    <subfield code="b">the betrayal of the American middle class since World War II /</subfield>
  </datafield>
  <datafield tag="260" ind1=" " ind2=" ">
    <subfield code="a">Lanham, Md. :</subfield>
    <subfield code="b">Madison Books :</subfield>
    <subfield code="b">Distributed by National Book Network,</subfield>
    <subfield code="c">c1992.</subfield>
  </datafield>
  <datafield tag="300" ind1=" " ind2=" ">
    <subfield code="a">xxiv, 442 p. ;</subfield>
    <subfield code="c">24 cm.</subfield>
  </datafield>
  <datafield tag="500" ind1=" " ind2=" ">
    <subfield code="a">Includes index.</subfield>
  </datafield>
  <datafield tag="520" ind1=" " ind2=" ">
    <subfield code="a">Do you consider yourself a member of the middle class? Eighty percent of Americans describe themselves in those terms; working-class citizens who are neither rich nor poor. Has the government addressed the needs of the middle class to your satisfaction? William J. Quirk and R. Randall Bridwell argue that the fundamental interests of the middle class have been ignored and undermined since WWII. This provocative book chronicles the events which have defined the post-WWII political and economic period, and shows how the middle class has been compromised in the process. From the New York City fiscal crisis of the 70s, to the rise of the new judicial activism, to the looming economic influence of Japan, the authors show for the first time how these developments are interrelated.</subfield>
  </datafield>
  <datafield tag="520" ind1="8" ind2=" ">
    <subfield code="a">The authors provide a novel interpretation of the constitutional meaning of the events leading to the abandonment of the middle class, as well as a new interpretation of the condition of the American Constitution as it is applied today. By analyzing the constitutional source of problems which our political system has had in recent years, the authors provide a new theory as to why the federal system is not working, and they offer novel solutions for the future.</subfield>
  </datafield>
  <datafield tag="650" ind1=" " ind2="0">
    <subfield code="a">Middle class</subfield>
  </datafield>
  <datafield tag="650" ind1=" " ind2="0">
    <subfield code="a">Intellectuals</subfield>
  </datafield>
  <datafield tag="700" ind1="1" ind2=" ">
    <subfield code="a">Bridwell, R. Randall.</subfield>
  </datafield>
  <datafield tag="942" ind1=" " ind2=" ">
    <subfield code="c">AEDBB</subfield>
  </datafield>
  <datafield tag="999" ind1=" " ind2=" ">
    <subfield code="c">19011</subfield>
    <subfield code="d">19011</subfield>
  </datafield>
  <datafield tag="952" ind1=" " ind2=" ">
    <subfield code="0">0</subfield>
    <subfield code="1">0</subfield>
    <subfield code="4">0</subfield>
    <subfield code="6">305_000000000000000_DIS_1992_C158_OR</subfield>
    <subfield code="7">0</subfield>
    <subfield code="9">83757</subfield>
    <subfield code="a">LBC</subfield>
    <subfield code="b">LBC</subfield>
    <subfield code="d">2020-02-25</subfield>
    <subfield code="e">A36218</subfield>
    <subfield code="o">305  DIS 1992 C158 Or.</subfield>
    <subfield code="r">2020-02-25</subfield>
    <subfield code="y">EK</subfield>
  </datafield>
  <datafield tag="952" ind1=" " ind2=" ">
    <subfield code="0">0</subfield>
    <subfield code="1">0</subfield>
    <subfield code="4">0</subfield>
    <subfield code="6">305_000000000000000_DIS_1992_C158_OR</subfield>
    <subfield code="7">0</subfield>
    <subfield code="9">83758</subfield>
    <subfield code="a">LBC</subfield>
    <subfield code="b">LBC</subfield>
    <subfield code="c">C158</subfield>
    <subfield code="d">2020-02-25</subfield>
    <subfield code="e">A36218</subfield>
    <subfield code="o">305  DIS 1992 C158 Or.</subfield>
    <subfield code="r">2020-02-25</subfield>
    <subfield code="w">2020-02-25</subfield>
    <subfield code="y">EK</subfield>
  </datafield>
</record>
